Historia Polski (II) - Andegawenowie i Jagiellonowie - Statystyki

Ogólne statystyki
  • Ten quiz został rozwiązany 240 razy
  • Średni wynik to 36 z 84
Statystyki odpowiedzi
Odpowiedź % Poprawnych
Jadwiga Andegaweńska
94%
Jadwiga Andegaweńska
84%
Jadwiga Andegaweńska
84%
Władysław II Jagiełlo
84%
Władysław II Jagiełło
84%
Władysław II Jagiełło
84%
Władysław II Jagiełło
84%
Władysław II Jagiełło
84%
Władysław II Jagiełło
84%
Ludwik Węgierski (wraz z Kazimierzem Wielkim)
79%
Ludwik Węgierski
71%
Ludwik Węgierski
71%
Władysław III Warneńczyk
64%
Władysław III Warneńczyk
64%
Zygmunt I Stary
63%
Zygmunt I Stary
63%
Zygmunt I Stary
63%
Kazimierz IV Jagiellończyk
60%
Kazimierz IV Jagiellończyk
60%
Kazimierz IV Jagiellończyk
60%
Kazimierz IV Jagiellończyk
60%
Wieczysty pokój z niewiernymi - pierwszy pakt między krajem chrześcijańskim a muzułmańskim
60%
Zygmunt II August
60%
Zygmunt II August
60%
Bitwa pod Grunwaldem (wojna polsko-krzyżacka)
59%
Zygmunt II August
58%
1410
56%
Jan I Olbracht
55%
Jan I Olbracht
55%
Aleksander Jagiellończyk
50%
Aleksander Jagiellończyk
50%
1385
45%
Unia w Krewie z Litwą
45%
Bitwa pod Warną i śmierć Władysława (wojna polsko-turecka)
42%
Koronacja
41%
Koronacja
41%
Koronacja
41%
Koronacja
41%
Koronacja
41%
Koronacja
41%
Koronacja
41%
Koronacja
41%
Koronacja
41%
1444
40%
1370
39%
Unia lubelska - powstanie Rzeczpospolitej Obojga Narodów
38%
1384
34%
1569
34%
1386
33%
1374
31%
1454-1466
31%
1525
31%
Hołd pruski - zakon przestaje istnieć, Krzyżacy stają się Prusakami, lennikiem Polski
31%
Przywilej koszycki (obniżenie poradlnego)
30%
1411
29%
II pokój toruński - podział na Prusy Książęce i Zakonne
29%
Wojna trzynastoletnia
29%
1505
28%
1434
27%
I pokój toruński (Krzyżacy zrzekają się Żmudzi)
27%
1454
26%
1466
26%
1492
25%
Konstytucja nihil novi - brak zmian w kraju bez zgody szlachty
25%
1447
24%
1501
24%
1507
22%
1548
21%
1355
20%
1413
20%
1387
19%
1392
18%
1430/1433
18%
1496
16%
Unia w Horodle - zrównanie administracji polsko-litewskich
16%
Wyprawa i podporządkowanie Rusi Halickiej i Mołdawii
16%
1533
15%
1563-1570
14%
I wojna Północna - Polska dostaje południowe Inflanty - Łotwę
12%
Przywilej w Budzie (brak nowych podatków dla szlachty)
12%
Przywilej piotrkowski - brak cła, ubezwłasnowolnienie chłopów
9%
Przywilej jedlneńsko-krakowski - nienaruszalność szlachty
7%
Przywilej cerekwicki - szlachta decyduje o pospolitym ruszeniu
6%
Ugoda w Ostrowie (koniec wojny domowej na Litwie)
5%
Nie znaleziono quizów pasujących do podanych kryteriów
Rozkład punktacji
Procent ludzi z każdym wynikiem
Percentyl według liczby udzielonych odpowiedzi
Twoja historia wyników
Nie rozwiązałeś tego quizu